| 000 | 00000nam##2200000za#4500 |
| 001 | 9.695750 |
| 003 | CaOODSP |
| 005 | 20210927150503 |
| 007 | cr ||||||||||| |
| 008 | 150407|1995||||xxc|||||o f|0| 0 eng|d |
| 040 | |aCaOODSP|beng |
| 043 | |an-cn--- |
| 086 | 1 |aR32-91/1995E-PDF |
| 110 | 1 |aCanada. |bIndian and Northern Affairs Canada. |
| 245 | 10|a1991 Census highlights on registered Indians - annotated tables / |h[electronic resource]|cPrincipal author: Darrell Buffalo, published by the Department of Indian Affairs and Northern Development. |
| 260 | |aOttawa - Ontario : |bIndian and Northern Affairs |cOctober 1995. |
| 300 | |a36p.|btables |
| 500 | |aThe catalogue number (R32-91/1995E) and ISBN (0-662-23165-1) for the print edition have been incorrectly printed in this PDF version. |
| 590 | |a12-05-Supp|b2012-03-02 |
| 690 | 07|aIndigenous peoples|2gcpds |
| 690 | 07|aCensus|2gcpds |
| 720 | 1 |aBuffalo, Darrell |
| 775 | 08|tPoints saillants du recensement de 1991 sur les Indiens inscrits - tableaux annotés / |w(CaOODSP)9.639871 |
| 856 | 40|ahttp://publications.gc.ca|qPDF|s265 KB|uhttps://publications.gc.ca/collections/collection_2012/ainc-inac/R32-91-1995-eng.pdf |
| 986 | |aQS-3559-000-EE-A1 |